LEADER 01059nam a2200241 u 4500 001 000000014914 003 CaOOAMICUS 005 20070226105823.0 008 940713s1934 it u000 u ita u 035 $a10350360 040 $aPUL$bita 041 0 $aita 100 1 $aDe Cupis, Adriano.$0(OLS)http://pul/name/13771 245 13$aLa concausa nel diritto degli infortuni e i principi del diritto comune /$cAdriano De Cupis. 260 $aRoma :$bSocietà editrice del"Foro italiano",$c1934. 300 $a139 p. ;$c23 cm 650 4$aDiritto comune.$0(OLS)http://pul/subject/9064 850 $aPUL 852 $aPUL$W1$xDP2 Diritto e Scienze Sociali 1$y65$m174 F 8$j20895$nBK-PRI$qStampati$B20895$CPULBib$Z2$F20895 $H6174 $82 941 1 $a8 961 $aTimbro: Bibliotheca Pontificium Institutum Utriusque Iuris. 996 $6245$aLa concausa nel diritto degli infortuni e i principi del diritto comune$9(OLS)http://pul/title/21388 996 $6260$aRoma :$bSocietà editrice del"Foro italiano"$9(OLS)http://pul/publisher/54510 LEADER 01357nam a2200325 u 4500 001 000000081977 003 CaOOAMICUS 005 20070226123819.0 008 050405s2001 it u000 u ita u 020 $a8814087512 035 $a11037635 040 $aPUL$bita 041 1 $aita$hger 100 1 $aKelsen, Hans,$d1881-1973.$0(OLS)http://pul/name/933 240 10$aStaat als Integration.$lItaliano.$0(OLS)http://pul/title/107150 245 13$aLo stato come integrazione /$cHans Kelsen ; a cura di Maria Agostina Cabiddu. 260 $aMilano :$bGiuffrè,$c2001. 300 $alxvii, 182 p. ;$c21 cm 490 1 $aCiviltà del diritto ;$v66 504 $aInclude riferimenti bibliografici. 650 4$aStato e società.$0(OLS)http://pul/subject/18460 700 1 $aCabiddu, Maria Agostina.$0(OLS)http://pul/name/54571 830 0$aCiviltà del diritto ;$v66.$0(OLS)http://pul/title/13936 850 $aPUL 852 $aPUL$W1$xDP2 Diritto e Scienze Sociali 3$y110$m340 COLL 4.66$j175571$nBK-PRI$qDDC 21$B104501$CPULBib$Z2$F104501 $H97695 $82 941 1 $a9 961 $aPrecedente Collocazione: DCiv 94 66 996 $6020$a8814087512$9(OLS)http://pul/number/108610 996 $6245$aLo stato come integrazione$9(OLS)http://pul/title/107151 996 $6260$aMilano :$bGiuffrè$9(OLS)http://pul/publisher/48401